000 00792nam a22001217a 4500
040 _cRUA
082 _aLMA TET 2025 B701 Or.1
100 _aTET SREYPICH, តេត ស្រីពេជ្រ
245 _aStudy On The public Disclosure of adjudication documents in the systematic land redistration process in sla commune , samraong district, takeo province, សិក្សាអំពីការបិទផ្សាយជាសាធារណៈនូវឯកសារនៃការក្នុងការចុះបញ្ជីដីធ្លីមានលក្ខណៈជាប្រព័ន្ធ នៅឃុំស្លា ស្រុកសំរោង ខេត្តតាកែវ
260 _aPHNOM PENH
_bRUA
_c2025
300 _aviii,45p.
_bill.
_c29cm.
942 _cLMA
999 _c25751
_d25751